| 000 | 00928nam a22002417a 4500 | ||
|---|---|---|---|
| 010 | _aB-187378 | ||
| 020 |
_a8181290852 _c400.00 |
||
| 035 | _aB-187378 | ||
| 037 | _aCen Lib / Ret | ||
| 040 |
_aDPL _bHN |
||
| 082 |
_a551.46 _bअंजली |
||
| 100 |
_aअंजली _9134649 |
||
| 245 |
_aसमुन्द्र विज्ञान : _bहिन्दी / _cअंजली |
||
| 246 |
_aSamundra vigyan : hindi / _bby Anjali |
||
| 260 |
_aनई दिल्ली _bनमन प्रकाशन _c2006 |
||
| 270 |
_a4231/1, अंसारी रोड _bनई दिल्ली _e110002 |
||
| 300 |
_a228p ; _b24cm |
||
| 650 |
_aEnvironmental sciences -- India. _9134650 |
||
| 650 |
_aपर्यावरण विज्ञान - भारत _9134651 |
||
| 650 |
_aScience _910795 |
||
| 650 |
_aविज्ञान _9134652 |
||
| 942 |
_2ddc _cHN _h551.46 _mअंजली |
||
| 999 |
_c122041 _d122041 |
||